000 00578nam a22002057a 4500
005 20251108173241.0
008 250721s1993 xx 000 0 ara d
020 _a1855131692
082 1 4 _aق/كري
100 1 _aكريستي، أغاثا
_eمؤلف
245 1 0 _aجثة في المكتبة : مس مربل /
264 1 _aد.م :
_bصوت الناس،
_c1993.
300 _a293 ص.
490 0 _aالبوليسية
650 1 7 _aأدب المترجم
650 1 7 _aالقصص
700 1 _aجيباوي، ابتسام
_etran.
942 _2ddc
_cBK
999 _c99558
_d99558